Robot má byť liek na úzke miesto linky
Automatizácia s využitím robotov patrí medzi najvýznamnejšie trendy v svetovom priemysle, najmä pretože dokáže odbremeniť ľudí, pracovať rýchlo a kvalitne. Ak má využitie inteligentných riešení umožniť firmám to, aby sa ich zamestnanci mohli venovať činnostiam s vyššou pridanou hodnotou, sú roboty t...
Gespeichert in:
| 1. Verfasser: | |
|---|---|
| Weitere Verfasser: | |
| Format: | Buchkapitel |
| Sprache: | Slowakisch |
| Schlagworte: | |
| Tags: |
Keine Tags, Fügen Sie das erste Tag hinzu!
|
MARC
| LEADER | 00000naa a2200000 4500 | ||
|---|---|---|---|
| 001 | 0252731 | ||
| 005 | 20190401090048.3 | ||
| 041 | 0 | |a slo | |
| 044 | |a SK | ||
| 245 | 1 | 0 | |a Robot má byť liek na úzke miesto linky |c Veronika Miháliková, Martin Jesný |
| 520 | |a Automatizácia s využitím robotov patrí medzi najvýznamnejšie trendy v svetovom priemysle, najmä pretože dokáže odbremeniť ľudí, pracovať rýchlo a kvalitne. Ak má využitie inteligentných riešení umožniť firmám to, aby sa ich zamestnanci mohli venovať činnostiam s vyššou pridanou hodnotou, sú roboty tá technológia, ktorá zastane ich prácu. Roboty dokážu zefektívniť a zrýchliť výrobu bez zníženia kvality a zároveň nahrádzajú namáhavú monotónnu prácu zamestnancov, ktorá ohrozuje ich zdravie. | ||
| 610 | 2 | 0 | |a priemysel |
| 610 | 2 | 0 | |a automatizácia |
| 610 | 2 | 0 | |a digitalizácia |
| 610 | 2 | 0 | |a robotizácia |
| 610 | 2 | 0 | |a technológie nové |
| 100 | 1 | |a Miháliková, Veronika | |
| 700 | 1 | |a Jesný, Martin | |